Tutti gli Stati che hanno controllato Valdivia - Statistics

Statistiche generali
  • Questo quiz è stato fatto 7 volte
  • Il punteggio medio è 6 su 10
Statistiche sulle risposte
con Immagini Hint Risposta % Corretto
1552 - 1599 Impero Coloniale Spagnolo (Vicereame del Perù / Capitaneria Generale del Cile)
100%
1602 - 1604 Impero Coloniale Spagnolo (Vicereame del Perù / Capitaneria Generale del Cile)
100%
1645 - 1811 Impero Coloniale Spagnolo (Vicereame del Perù / Capitaneria Generale del Cile)
100%
1812 - 1820 Impero Coloniale Spagnolo (Vicereame del Perù / Capitaneria Generale del Cile)
100%
1820 - Oggi Repubblica del Cile
100%
1642 - 1643 Impero Coloniale Olandese (Compagnia olandese delle Indie occidentali)
86%
1811 - 1812 Regno del Cile
14%
1599 - 1602 Tribù Mapuche / Tribù Huilliche
14%
1604 - 1642 Tribù Mapuche / Tribù Huilliche
14%
163 - 1645 Tribù Mapuche / Tribù Huilliche
14%
Nessun quiz corrispondente trovato
Distribuzione punteggi
Percentuale di utenti per punteggio
Percentile per numero di risposta
I tuoi punteggi nel tempo
Non hai fatto questo quiz